000 01309 a2200241 4500
001 1948
005 20260407155421.0
008 260407a2011 arg spa d
003 AR-UNSa-BCEJYS
040 _aAR-UNSa-BCEJYS
_bspa
_cAR-UNSa-BCEJYS
080 _a336.226.3
_xImpuestos por el uso de los ingresos. Impuestos al consumo. IVA
245 1 0 _aImpuesto al valor agregado
_pexplicado y comentado
020 _a978-987-01-1145-0
250 _a4a. ed.
264 1 _aBuenos Aires :
_bErrepar
_c2011
300 _a166 p.
_c27 cm.
505 _a1. Aspectos teóricos de la imposición al consumo - 2. Estructura de la ley en la legislación argentina - 3. Venta de cosas muebles - 4. Obras, locaciones y prestaciones de servicios gravados - 5. Importación definitiva de cosas muebles - 6. Importación de servicios - 7. Exenciones - 8. Base imponible.L:10 - 9. Alícuotas - 10. Débito fiscal - 11. Crédito fiscal - 12. Declaración jurada - 13. Operatorias en las que la determinación del impuesto ofrece características especiales
942 _cBK
590 _aniveau_biblio:m niveau_hierar:0
100 1 _aCeldeiro, Ernesto Carlos
700 1 _aImirizaldu, Juan José
856 4 1 _uhttps://biblioeco.unsa.edu.ar/pmb/images/libros/Impueto al Valor Agregado-l118119.jpg
_yImagen de portada
_qimage/jpeg
999 _c229
_d229